000 00738nam a22002417a 4500
003 UA-OsUOA
001 87813
007 ta
008 20120925b un ||||| |||| 00| 0 ukr d
100 _aИванов М.А.
090 _a004.056.55
_bИ 20
942 _cBK
040 _aUA-OsUOA
_brus
_cUA-OsUOA
_dUA-OsUOA
245 _aКриптографические методы защиты информации в компьютерных системах и сетях
300 _a368 с.
955 _a2
041 _arus
080 _a004.056.55
020 _a5-93378-021-9
260 _aМ.
_bКУДИЦ-ОБРАЗ
_c2001
650 7 _a00 Загальні питання науки і культури
_2UDC
999 _c374118
_d374118